000 00443nmm a2200169Ia 4500
008 251105s9999||||xx |||||||||||||||||und||
020 _a9788496831360
041 _aspa
100 _aGutier, Kama
245 0 _aCiudad final
264 _a[Madrid, España] :
_bMontesinos,
_c2008
300 _a208 páginas
490 _aNarrativa
650 _aSpanish narrative
856 _uhttps://public.digitaliapublishing.com/a/37109
942 _cCF
999 _c90138
_d90138